000 02506nab a2200337 a 4500
005 20210219162609.0
008 991125s1985 mx 000 0 spa u
035 _aUPN01000207299
049 _aART
100 1 _aMonteiro, Danielli Leite Campos
100 1 _udanieli.campos@uece.br
100 1 _aPeñaloza, Verónica
100 1 _uveronica.penaloza@uece.br
100 1 _aPinto, Francisco Roberto
100 1 _uroberto.pinto@uece.br
100 1 _aDenegri Coria, Marianela del Carmen
100 1 _umarianela.denegri@ufrontera.cl
222 0 _aCONTADURIA Y ADMINISTRACION
245 0 0 _aAttitudes towards money and motivational orientation to work in Brazilian young workers
260 _aMéxico
300 _a11-30
362 0 _a2015 Volumen 60, número 1, enero-marzo
520 _aLa teoría de la autodeterminación asume la existencia de dos tipos de orientación motivacional: motivación intrínseca y extrínseca. El dinero es un medio para lograr diferentes fines y, por tanto, se considera fuente externa de motivación, pero las personas también pueden atribuirle otros significados. El objetivo de esta investigación fue indagar la relación entre orientación motivacional y la actitud hacia el dinero en jóvenes empleados en Brasil. La muestra fue de 163 trabajadores jóvenes que cursaban la carrera de Administración de Empresas en una universidad pública en Fortaleza, Brasil. Los cuestionarios aplicados fueron el Work Preference Inventory (WPI), Love of Money Scale (LOMS) y otro de variables sociodemográficas. Los datos fueron analizados a través de correlaciones, análisis factorial y análisis y comparación de clúster. Se encontró que la orientación motivacional de los individuos hacia el trabajo estaba asociada con su actitud hacia el dinero. Se identificaron dos perfiles, basándose en las diferencias entre la fuente de motivación y la percepción del dinero como recompensa o como vil. El identificar los perfiles que conectan la motivación con el significado del dinero permitirá a las organizaciones diseñar e implementar sistemas de compensación acordes a las necesidades de sus empleados
653 0 _aORIENTACION MOTIVACIONAL
653 0 _aJOVENES TRABAJADORES
653 0 _aDINERO
653 0 _aJOVENES BRASILEÑOS
856 4 _uhttp://www.redalyc.org/articulo.oa?id=39533059002
856 4 _uhttp://www.scielo.org.mx/scielo.php?script=sci_arttext&pid=S0186-10422015000100002&lng=es&nrm=iso&tlng=en
905 _aArticulo
999 _c179400
_d179400